[Event "Neumarkt am Wallersee op 17th"]
[Site "Neumarkt am Wallersee"]
[Date "2019.08.25"]
[Round "1.1"]
[White "Hasanovic, Nurija"]
[Black "Fleischer, Frank"]
[Result "1-0"]
[WhiteElo "1977"]
[BlackElo "2217"]
[PlyCount "49"]
[EventDate "2019.08.25"]
[EventType "swiss"]
[EventRounds "7"]
[EventCountry "AUT"]
[SourceTitle "EXT 2024"]
[Source "ChessBase"]
[SourceDate "2023.10.10"]
[SourceVersion "1"]
[SourceVersionDate "2023.10.10"]
[SourceQuality "1"]

1. e4 e6 2. d4 d5 3. exd5 exd5 4. Nf3 Nf6 5. Bg5 Be7 6. Bd3 Bg4 7. h3 Bh5 8. Nbd2 Nbd7 9. 0-0 0-0 10. Re1 Bg6 11. Bxg6 hxg6 12. c4 dxc4 13. Nxc4 c6 14. Qb3 Nb6 15. Nce5 Nfd5 16. Bd2 Qc7 17. Rac1 Rac8 18. a4 a6 19. Ba5 c5 20. Nc4 Qc6 21. Nxb6 Nxb6 22. Qxb6 Qd7 23. dxc5 Bf6 24. Bc3 Rc6 25. Qb4 1-0

[Event "Schwarzach op-B 26th"]
[Site "Schwarzach"]
[Date "2011.08.27"]
[Round "8.2"]
[White "Hasanovic, Nurija"]
[Black "Loeffler, Alois"]
[Result "1-0"]
[WhiteElo "1959"]
[BlackElo "2057"]
[PlyCount "49"]
[EventDate "2011.08.20"]
[EventType "swiss"]
[EventRounds "9"]
[EventCountry "AUT"]
[SourceTitle "EXT 2024"]
[Source "ChessBase"]
[SourceDate "2023.10.10"]
[SourceVersion "1"]
[SourceVersionDate "2023.10.10"]
[SourceQuality "1"]

1. e4 d5 2. e5 c5 3. f4 g6 4. Nf3 Bg7 5. h3 Nc6 6. Bb5 a6 7. Bxc6+ bxc6 8. d4 cxd4 9. Qxd4 e6 10. Be3 Ne7 11. Qa4 Bd7 12. Bc5 0-0 13. Nbd2 Re8 14. Nb3 Nf5 15. 0-0-0 a5 16. g4 Ne7 17. h4 Nc8 18. h5 f5 19. gxf5 exf5 20. hxg6 hxg6 21. Rdg1 Re6 22. Nbd4 Nb6 23. Qb3 Nc4 24. Ng5 Re7 25. Qh3 1-0

[Event "Schwarzach op-B 26th"]
[Site "Schwarzach"]
[Date "2011.08.21"]
[Round "2.3"]
[White "Welde, Kevin"]
[Black "Hasanovic, Nurija"]
[Result "1-0"]
[WhiteElo "2002"]
[BlackElo "1959"]
[PlyCount "95"]
[EventDate "2011.08.20"]
[EventType "swiss"]
[EventRounds "9"]
[EventCountry "AUT"]
[SourceTitle "EXT 2024"]
[Source "ChessBase"]
[SourceDate "2023.10.10"]
[SourceVersion "1"]
[SourceVersionDate "2023.10.10"]
[SourceQuality "1"]

1. Nf3 d5 2. c4 d4 3. e4 c5 4. d3 Nc6 5. Be2 e5 6. 0-0 Bd6 7. a3 Nge7 8. Bg5 f6 9. Bd2 a5 10. Nh4 0-0 11. g3 Bh3 12. Ng2 Ng6 13. a4 f5 14. f3 Rf7 15. Na3 Qd7 16. Nb5 Raf8 17. Nxd6 Qxd6 18. Qb3 h5 19. Qb5 b6 20. Qb3 Bxg2 21. Kxg2 f4 22. Rh1 Nce7 23. Rag1 Qf6 24. Qd1 Kh7 25. Qe1 Ng8 26. Qf2 Nh6 27. Kf1 Ne7 28. g4 hxg4 29. fxg4 f3 30. Bd1 Qe6 31. h3 Ng6 32. Rg3 Nh4 33. Bg5 Ng2 34. Bxf3 Nf4 35. Bxf4 exf4 36. Rg2 g6 37. g5 Ng8 38. h4 Kh8 39. h5 Rh7 40. Rgh2 Rff7 41. hxg6 Qxg6 42. Bh5 Rxh5 43. Rxh5+ Kg7 44. Qh4 Kf8 45. Rh8 Rg7 46. Rg1 Ke7 47. Rh6 Qe8 48. b3 1-0